[Event "25th Czech Rapid G1 2014"]
[Site "Pardubice CZE"]
[Date "2014.07.17"]
[Round "4.56"]
[White "Jeitz, Christian"]
[Black "Chekletsov, Ilya"]
[Result "1/2-1/2"]
[WhiteElo "2189"]
[BlackElo "2078"]
[WhiteFideId "4000803"]
[BlackFideId "24177156"]
[EventDate "2014.07.16"]

1. e4 c5 2. Nf3 Nc6 3. Bb5 g6 4. O-O Bg7 5. c3 Nf6 6. Re1 O-O 7. h3 a6 8. Bxc6
bxc6 9. d4 cxd4 10. cxd4 d5 11. e5 Ne4 12. Nbd2 c5 13. dxc5 Nxc5 14. Nb3 Ne4 15.
Be3 Bb7 16. Nc5 Nxc5 17. Bxc5 Rc8 18. b4 a5 19. a3 Ba6 20. Qd4 axb4 21. axb4 Ra8
22. Ra5 Qd7 23. Rea1 Bb7 24. b5 f6 25. Rxa8 Rxa8 26. Rxa8+ Bxa8 27. Qa4 Bb7 28.
Bd4 Qc7 29. Qa1 Kf7 30. exf6 exf6 31. Qb2 Qc4 32. Kh2 Qc7+ 33. Kg1 Qc4 34. Kh2 1/2-1/2

[Event "25th Czech Rapid G1 2014"]
[Site "Pardubice CZE"]
[Date "2014.07.17"]
[Round "4.58"]
[White "Vokoun, Jan"]
[Black "Horinek, Karel"]
[Result "1-0"]
[WhiteTitle "FM"]
[WhiteElo "2195"]
[BlackElo "1980"]
[WhiteFideId "301647"]
[BlackFideId "323276"]
[EventDate "2014.07.16"]

1. d4 d5 2. Bf4 c6 3. Nd2 Nd7 4. Ngf3 Nb6 5. e4 Nf6 6. e5 Ne4 7. Bd3 Nxd2 8.
Qxd2 Bg4 9. Ng1 g6 10. h3 Bd7 11. b3 e6 12. Nf3 Qc7 13. a4 a5 14. O-O c5 15.
dxc5 Bxc5 16. Be3 Bb4 17. Qe2 Nc8 18. c4 Ne7 19. Bg5 Ng8 20. cxd5 exd5 21. Nd4
Kf8 22. Rac1 Qb6 23. Be3 Qd8 24. Qf3 Qe7 25. Nc2 Bc6 26. Nxb4 axb4 27. Bc5 Rd8
28. Bxe7+ Kxe7 29. Rfe1 h5 30. Qe3 Ke6 31. f4 Ne7 32. f5+ gxf5 33. Qg5 Rhg8 34.
Qf6+ Kd7 35. Qxf7 Rdf8 36. Qxh5 d4 37. Rxc6 bxc6 38. e6+ Kc7 39. Qh4 Rg7 40.
Qxd4 Rfg8 41. Bf1 Nd5 42. Rc1 Kb7 43. a5 f4 44. Rc4 Ne3 45. Rxb4+ Kc7 46. Qxf4+ 1-0

[Event "25th Czech Rapid G1 2014"]
[Site "Pardubice CZE"]
[Date "2014.07.17"]
[Round "4.59"]
[White "Lebediantsev, Ruslan"]
[Black "Zverina, Jan"]
[Result "1-0"]
[WhiteElo "2145"]
[BlackElo "1872"]
[WhiteFideId "24135755"]
[BlackFideId "328812"]
[EventDate "2014.07.16"]

1. e4 e6 2. d4 d5 3. Nc3 Bb4 4. Ne2 dxe4 5. a3 Be7 6. Nxe4 Nf6 7. N2g3 O-O 8. c3
Nxe4 9. Nxe4 Nd7 10. Bd3 Nf6 11. Qe2 Nxe4 12. Qxe4 f5 13. Qe2 Qd5 14. O-O c5 15.
Bc4 Qe4 16. Qxe4 fxe4 17. d5 b5 18. Bxb5 exd5 19. Bc6 Be6 20. Bxa8 Rxa8 21. Be3
Rc8 22. Rfd1 a6 23. Rac1 c4 24. Re1 Bf7 25. Bd4 Bd6 26. Rcd1 Bh5 27. Rd2 Bf7 28.
Rb1 Bf4 29. Be3 Be5 30. Rbd1 Rd8 31. Bg5 Rd7 32. Be3 h6 33. g3 Rd8 34. Bd4 Bd6
35. Rb1 Rb8 36. b4 cxb3 37. Rdb2 Bxa3 38. Rxb3 Rxb3 39. Rxb3 Bd6 40. Rb6 Ba3 41.
Rxa6 Bc1 42. Ra8+ Kh7 43. Ra7 Kg6 44. h4 Bd2 45. Kf1 h5 46. Ra6+ Kh7 47. Ke2 Bc1
48. Ra7 Kg6 49. Ra2 Bh6 50. Ra6+ Kf5 51. Be3 Bxe3 52. Kxe3 g5 53. hxg5 Kxg5 54.
Ra7 Be6 55. Re7 Kf6 56. Rh7 Kg6 57. Ra7 Kf5 58. Ra6 Bf7 59. Ra5 Kg4 60. Ra7 Be6
61. Rg7+ Kf5 62. Rc7 Ke5 63. Rh7 Bg4 64. Rh6 Bf3 65. Rb6 Bg4 66. Rb5 Kd6 67. Kd4
Be6 68. Rb6+ Ke7 69. Ke5 Bg8 70. Rb7+ Kf8 71. Kf6 1-0

[Event "25th Czech Rapid G1 2014"]
[Site "Pardubice CZE"]
[Date "2014.07.17"]
[Round "4.60"]
[White "Holy, Filip"]
[Black "Valenta, Vit"]
[Result "0-1"]
[BlackTitle "FM"]
[WhiteElo "1733"]
[BlackElo "2132"]
[WhiteFideId "358762"]
[BlackFideId "307440"]
[EventDate "2014.07.16"]

1. e4 e5 2. Nf3 Nc6 3. Nc3 Nf6 4. d4 exd4 5. Nxd4 Bb4 6. Nxc6 bxc6 7. Bd3 O-O 8.
O-O d5 9. exd5 cxd5 10. Bg5 c6 11. Qf3 Be7 12. Rfe1 Be6 13. a3 h6 14. Bxf6 Bxf6
15. Bf1 Qb6 16. Rab1 Rfe8 17. b4 a5 18. Na4 Qd4 19. c3 Qh4 20. Nc5 axb4 21. axb4
Ra3 22. Nxe6 fxe6 23. Rec1 Rf8 24. g3 Qg5 25. h4 Qe5 26. Qd3 Rxc3 27. Rxc3 Qxc3
28. Qxc3 Bxc3 29. Kg2 Kf7 30. Ba6 Ke7 31. Bb7 Kd6 32. Ba6 Rb8 33. b5 Rb6 34. Kh3
c5 35. Kg4 e5 36. Bc8 e4 37. Bf5 Ke5 38. Bd7 d4 39. Bc6 d3 40. h5 c4 41. f4+ Kd4
42. Kf5 e3 43. Kg6 Kc5 0-1

[Event "25th Czech Rapid G1 2014"]
[Site "Pardubice CZE"]
[Date "2014.07.17"]
[Round "4.61"]
[White "Krouzel, Jaroslav"]
[Black "Gadzhiev, Farid"]
[Result "1-0"]
[WhiteTitle "FM"]
[WhiteElo "2125"]
[BlackElo "1889"]
[WhiteFideId "301566"]
[BlackFideId "24194450"]
[EventDate "2014.07.16"]

1. d4 Nf6 2. c4 g6 3. Nc3 d5 4. Nf3 Bg7 5. Bg5 Ne4 6. cxd5 Nxg5 7. Nxg5 e6 8.
Qd2 exd5 9. Qe3+ Kf8 10. Qf4 Bf6 11. h4 h6 12. Nf3 Be6 13. e3 Kg7 14. Bd3 c6 15.
Qg3 Nd7 16. h5 Qb8 17. Qxb8 Raxb8 18. hxg6 fxg6 19. O-O Rhe8 20. Rfc1 Bg4 21.
Nd2 Rbc8 22. b4 a6 23. a4 Be6 24. Nb3 Bg8 25. Rab1 Ra8 26. Rb2 Be7 27. Nc5 Nxc5
28. bxc5 Rab8 29. Rcb1 Kf6 30. Bxa6 Be6 31. Bxb7 Bf5 32. e4 dxe4 33. Bxc6 Rxb2
34. Rxb2 Rd8 35. Nd5+ Ke6 36. Nxe7 Kxe7 37. d5 Kf6 38. a5 Bc8 39. Rb8 1-0

[Event "25th Czech Rapid G1 2014"]
[Site "Pardubice CZE"]
[Date "2014.07.17"]
[Round "4.62"]
[White "Hiller, Simon"]
[Black "Lokander, Martin"]
[Result "0-1"]
[BlackTitle "FM"]
[WhiteElo "1973"]
[BlackElo "2309"]
[WhiteFideId "24641308"]
[BlackFideId "1709569"]
[EventDate "2014.07.16"]

1. Nf3 Nf6 2. g3 g6 3. Bg2 Bg7 4. d4 O-O 5. O-O d5 6. c4 dxc4 7. Na3 c3 8. bxc3
c5 9. Nc4 Nc6 10. Nfe5 cxd4 11. Nxc6 bxc6 12. cxd4 Nd5 13. Bb2 Rb8 14. Rc1 Ba6
15. Qd2 Qd7 16. Rfd1 Qe6 17. e4 Bxc4 18. Rxc4 Ne3 19. Rxc6 Qxc6 20. fxe3 Qa4 21.
Bc3 Rfc8 22. Rc1 Rc7 23. Bh3 e6 24. d5 Bxc3 25. Rxc3 Rxc3 26. Qxc3 exd5 27. exd5
Qd1+ 28. Kf2 Qxd5 0-1

[Event "25th Czech Rapid G1 2014"]
[Site "Pardubice CZE"]
[Date "2014.07.17"]
[Round "4.63"]
[White "Maslak, Alexander"]
[Black "Grove, Michael"]
[Result "1-0"]
[WhiteElo "2170"]
[BlackElo "2064"]
[WhiteFideId "4130871"]
[BlackFideId "2403943"]
[EventDate "2014.07.16"]

1. e4 e5 2. Nf3 Nc6 3. Bb5 a6 4. Ba4 Nf6 5. O-O b5 6. Bb3 Be7 7. Re1 O-O 8. c3
d5 9. exd5 Nxd5 10. Nxe5 Nxe5 11. Rxe5 Nf6 12. d4 Bd6 13. Re1 Ng4 14. h3 Qh4 15.
Qf3 Bh2+ 16. Kf1 Bd6 17. Bf4 Bb7 18. d5 Nh2+ 19. Bxh2 Bxh2 20. Nd2 Bd6 21. Ne4
Rad8 22. Rad1 a5 23. a3 c5 24. dxc6 Bxc6 25. Bd5 Bxd5 26. Rxd5 Bc7 27. Red1 Qe7
28. Ng3 b4 29. axb4 axb4 30. c4 Bxg3 31. Qxg3 Rxd5 32. cxd5 Re8 33. Qd3 Qd6 34.
Qb5 Rd8 35. g3 h6 36. Rd4 Rb8 37. Qc4 Kh7 38. b3 Kg8 39. Rd3 Rd8 40. Kg2 Kh7 41.
Rd4 Rb8 42. Qc6 Qe5 43. Rf4 Rd8 44. Rxb4 Rxd5 45. Qc2+ g6 46. Qe4 Qd6 47. Rb7
Kg7 48. Qe7 Qxe7 49. Rxe7 Rb5 50. Re3 Rb4 51. Kf1 Rd4 52. Ke2 f5 53. Rd3 Rb4 54.
Kd2 h5 55. h4 Kf6 56. Kc3 Re4 57. b4 f4 58. Rd4 1-0

[Event "25th Czech Rapid G1 2014"]
[Site "Pardubice CZE"]
[Date "2014.07.17"]
[Round "4.64"]
[White "Mindl, Josef"]
[Black "Dorst, Johannes"]
[Result "0-1"]
[WhiteElo "2029"]
[BlackElo "2299"]
[WhiteFideId "310549"]
[BlackFideId "4650433"]
[EventDate "2014.07.16"]

1. e4 c5 2. Nf3 e6 3. c3 Nf6 4. e5 Nd5 5. d4 cxd4 6. cxd4 Nc6 7. Nc3 Nxc3 8.
bxc3 d6 9. exd6 Bxd6 10. Bd3 h6 11. O-O O-O 12. c4 b6 13. Bb2 Bb7 14. Rc1 Bf4
15. Rc3 Rc8 16. Re1 Re8 17. Be4 Na5 18. Bxb7 Nxb7 19. d5 exd5 20. Rxe8+ Qxe8 21.
cxd5 Rxc3 22. Bxc3 Qe4 23. g3 Bd6 24. Qd4 Qxd4 25. Nxd4 Be5 26. f4 Bf6 27. Kf2
Kf8 28. Ke3 Ke8 29. Nb5 Bxc3 30. Nxc3 Kd7 31. Kd4 Nd6 32. a4 a6 33. Na2 Nb7 34.
Nc3 f6 35. g4 Nc5 36. h4 g6 37. g5 fxg5 38. fxg5 hxg5 39. hxg5 Kd6 40. Kc4 Nxa4
41. Ne4+ Ke7 42. Kb4 Nb2 43. Kc3 Na4+ 44. Kd4 b5 45. Ke5 Nb6 46. d6+ Kf7 47. Nc5
b4 48. Nxa6 b3 0-1

[Event "25th Czech Rapid G1 2014"]
[Site "Pardubice CZE"]
[Date "2014.07.17"]
[Round "4.65"]
[White "Jelinek, Vaclav"]
[Black "Petrovskis, Olegs"]
[Result "1-0"]
[WhiteElo "1973"]
[BlackElo "2062"]
[WhiteFideId "317454"]
[BlackFideId "11603186"]
[EventDate "2014.07.16"]

1. g3 d5 2. Bg2 Nf6 3. Nf3 c6 4. O-O Bf5 5. d3 h6 6. Nbd2 e6 7. c4 Be7 8. Qb3
Qb6 9. Qxb6 axb6 10. b3 Nbd7 11. Bb2 O-O 12. Rfe1 Ba3 13. Bxa3 Rxa3 14. Nb1 Ra7
15. Nc3 Rfa8 16. e4 Bh7 17. cxd5 cxd5 18. Nd4 dxe4 19. dxe4 Rc8 20. e5 Ne8 21.
Ndb5 Ra5 22. b4 Rxc3 23. Nxc3 Rxe5 24. Rxe5 Nxe5 25. Bxb7 Nd6 26. Bg2 Kf8 27.
Na4 Nd7 28. Rc1 b5 29. Rc7 Ne5 30. Nc3 Bd3 31. f4 Nec4 32. Bf1 Bxf1 33. Kxf1 Ke8
34. Rc5 Na3 35. Ke2 Kd7 36. Kd3 Nb7 37. Re5 f6 38. Re4 Nd6 39. Rd4 f5 40. Ne2
Nc4 41. Nc1 Kc6 42. Nb3 g5 43. Na5+ Nxa5 44. bxa5 Nb7 45. a6 Nc5+ 46. Kc3 Nxa6
47. Rd8 Nc7 48. Kd4 b4 49. Ke5 gxf4 50. gxf4 Nd5 51. Rd6+ Kc5 52. Rxe6 Nc3 53.
Kxf5 Nxa2 54. Kg6 b3 55. Re2 Nb4 56. Rb2 Kc4 57. f5 Nd5 58. f6 Nxf6 59. Kxf6 Kc3
60. Rg2 b2 61. Rxb2 Kxb2 62. Kg6 Kc3 63. Kxh6 Kd4 64. h4 Ke5 65. Kg7 1-0

[Event "25th Czech Rapid G1 2014"]
[Site "Pardubice CZE"]
[Date "2014.07.17"]
[Round "4.66"]
[White "Vykydal, Frantisek"]
[Black "Andreeva, Elena"]
[Result "0-1"]
[WhiteTitle "CM"]
[WhiteElo "2117"]
[BlackElo "1946"]
[WhiteFideId "301744"]
[BlackFideId "24104701"]
[EventDate "2014.07.16"]

1. e4 c5 2. Nc3 Nc6 3. g3 g6 4. Bg2 Bg7 5. d3 e6 6. Be3 d6 7. Qd2 Nge7 8. Bh6
O-O 9. h4 f5 10. h5 Rf7 11. Nf3 Nd4 12. Bxg7 Nxf3+ 13. Bxf3 Rxg7 14. hxg6 hxg6
15. d4 c4 16. exf5 exf5 17. Nd5 Be6 18. Nf6+ Kf7 19. Nh7 Bd5 20. Ng5+ Kf6 21.
Bxd5 Nxd5 22. Nf3 Qd7 23. O-O-O c3 24. Qg5+ Kf7 25. b3 Qe7 26. Qxe7+ Kxe7 27.
Rhe1+ Kd7 28. Ng5 Re8 29. Rxe8 Kxe8 30. Re1+ Re7 31. Rxe7+ Kxe7 32. a3 Kf6 33.
Nf3 f4 34. g4 Nc7 35. Kd1 Nb5 36. a4 Na3 37. Ne1 Ke6 38. Ke2 Kd5 39. Kd3 Nb1 40.
Ng2 g5 41. Ne1 Nd2 42. Kxc3 Ne4+ 43. Kb4 Nxf2 44. Nf3 Nxg4 45. c4+ Ke4 46. Nxg5+
Kxd4 47. Ne6+ Ke3 48. Ng5 f3 49. Nxf3 Kxf3 50. c5 dxc5+ 51. Kxc5 Ke4 52. Kd6 Kd4
53. Kc7 Kc3 54. Kxb7 a5 55. Kb6 Kb4 56. Kc6 Ne5+ 57. Kd5 Nd3 58. Kd4 Nc1 59. Kd5
Kxb3 60. Kd4 0-1

[Event "25th Czech Rapid G1 2014"]
[Site "Pardubice CZE"]
[Date "2014.07.17"]
[Round "4.67"]
[White "Kotyk, Vaclav"]
[Black "Chovanec, Vladimir"]
[Result "0-1"]
[WhiteElo "1848"]
[BlackElo "2100"]
[WhiteFideId "384232"]
[BlackFideId "14907860"]
[EventDate "2014.07.16"]

1. e4 e6 2. d3 d5 3. Nd2 c5 4. Ngf3 Nc6 5. g3 Nf6 6. Bg2 Be7 7. O-O b6 8. Re1
Bb7 9. e5 Nd7 10. Nf1 h6 11. h4 Qc7 12. Bf4 O-O-O 13. a4 Rdg8 14. Qd2 Qd8 15. a5
g5 16. axb6 Nxb6 17. hxg5 hxg5 18. Be3 d4 19. Bxd4 cxd4 20. c3 g4 21. N3h2 Kb8
22. Qf4 Rg7 23. Nxg4 Bg5 24. Qf3 Na5 25. Qe2 Bxg2 26. Kxg2 Qd5+ 27. f3 Nb7 28.
c4 Qc6 29. b4 Be7 30. b5 Qc7 31. Nd2 Nc5 32. Ne4 Nxe4 33. Qxe4 Bc5 34. Rh1 Rd8
35. Rh6 Qb7 36. Qf4 Rdg8 37. Rh4 Nd7 38. Rah1 Nf8 39. Rh8 Rxg4 40. Qxg4 Rxg4 41.
Rxf8+ Bxf8 42. Rh8 Rg7 43. Rxf8+ Kc7 0-1

[Event "25th Czech Rapid G1 2014"]
[Site "Pardubice CZE"]
[Date "2014.07.17"]
[Round "4.69"]
[White "Duda, Antonin"]
[Black "Foermes, Alexander"]
[Result "0-1"]
[WhiteElo "2055"]
[BlackElo "2035"]
[WhiteFideId "326720"]
[BlackFideId "24605255"]
[EventDate "2014.07.16"]

1. e4 e6 2. d4 d5 3. Nc3 Bb4 4. e5 c5 5. a3 Bxc3+ 6. bxc3 Ne7 7. h4 Qc7 8. h5
cxd4 9. cxd4 Qc3+ 10. Bd2 Qxd4 11. Nf3 Qe4+ 12. Be2 Nf5 13. Kf1 b6 14. Rb1 Ba6
15. Bxa6 Nxa6 16. Kg1 O-O 17. h6 g6 18. Rb3 Rfc8 19. Bc3 Qc4 20. Nd2 Qc6 21. Qf3
d4 22. Ne4 Nc5 23. Nf6+ Kh8 24. Qf4 Nxb3 25. Qg5 Qxc3 26. Ne4 Qe1+ 27. Kh2 Qxe4
28. Qf6+ Kg8 29. g3 Rxc2 0-1

[Event "25th Czech Rapid G1 2014"]
[Site "Pardubice CZE"]
[Date "2014.07.17"]
[Round "4.70"]
[White "Janacek, Jaroslav"]
[Black "Stary, Lukas"]
[Result "1-0"]
[WhiteElo "2001"]
[BlackElo "1929"]
[WhiteFideId "306681"]
[BlackFideId "322806"]
[EventDate "2014.07.16"]

1. Nf3 Nf6 2. c4 c5 3. g3 d5 4. b3 g6 5. Bb2 Bg7 6. cxd5 Qxd5 7. Nc3 Qd8 8. Bg2
O-O 9. O-O Nc6 10. Rc1 Rb8 11. Qc2 Nb4 12. Qb1 b6 13. a3 Nbd5 14. Nxd5 Nxd5 15.
Bxg7 Kxg7 16. e4 Nc7 17. Rfd1 Ne6 18. Qb2+ Nd4 19. Nxd4 cxd4 20. Rc4 e5 21. Rdc1
Ba6 22. Rc7 Rb7 23. Rxb7 Bxb7 24. d3 Qd7 25. f4 f6 26. h4 Rc8 27. Rf1 Rc3 28.
fxe5 fxe5 29. Qf2 Qe7 30. Qf3 Rxb3 31. Bh3 Rc3 32. Be6 Rc7 33. Qg4 Qxa3 34. h5
Qxd3 35. h6+ Kxh6 36. Qh4+ Kg7 37. Qf6+ Kh6 38. Qh4+ Kg7 39. Qf6+ Kh6 40. Qh4+
Kg7 41. Qf6+ Kh6 42. Qf8+ Kh5 43. g4+ 1-0

[Event "25th Czech Rapid G1 2014"]
[Site "Pardubice CZE"]
[Date "2014.07.17"]
[Round "5.1"]
[White "Vajda, Levente"]
[Black "Bryzgalin, Kirill"]
[Result "1/2-1/2"]
[WhiteTitle "GM"]
[BlackTitle "GM"]
[WhiteElo "2569"]
[BlackElo "2460"]
[WhiteFideId "1203975"]
[BlackFideId "4133285"]
[EventDate "2014.07.16"]

1. e4 e5 2. Nf3 Nc6 3. Bc4 Be7 4. d4 exd4 5. Nxd4 d6 6. O-O Nf6 7. Nc3 O-O 8.
Re1 Bd7 9. Bf4 a6 10. a4 Re8 11. h3 h6 12. Nf3 Bf8 13. a5 Ne5 14. Bb3 Ng6 15.
Bh2 Be6 16. Bxe6 Rxe6 17. Nd4 Re8 18. Nf5 Ne5 19. Bf4 Ng6 20. Bg3 Ne5 21. Nd5
Nxd5 22. Qxd5 Nc6 23. c3 Rb8 24. Bf4 Ne7 25. Nxe7+ Rxe7 26. Be3 Re5 27. Qd3 Qd7
28. Bd4 Ree8 29. Qc4 Qc6 30. Qd5 Re6 31. c4 1/2-1/2

[Event "25th Czech Rapid G1 2014"]
[Site "Pardubice CZE"]
[Date "2014.07.17"]
[Round "5.2"]
[White "Babula, Vlastimil"]
[Black "Navara, David"]
[Result "0-1"]
[WhiteTitle "GM"]
[BlackTitle "GM"]
[WhiteElo "2549"]
[BlackElo "2716"]
[WhiteFideId "301264"]
[BlackFideId "309095"]
[EventDate "2014.07.16"]

1. d4 Nf6 2. c4 e6 3. Nc3 Bb4 4. e3 O-O 5. Bd3 d5 6. Nf3 b6 7. O-O Bb7 8. a3 Bd6
9. b4 dxc4 10. Bxc4 a5 11. b5 Nbd7 12. Bb2 e5 13. h3 Qe7 14. Re1 Rae8 15. Be2
exd4 16. Nxd4 Qe5 17. g3 Nc5 18. Bf3 Bxf3 19. Qxf3 Nd3 20. Re2 Qc5 21. Qc6 Qh5
22. Kg2 Ne5 0-1

[Event "25th Czech Rapid G1 2014"]
[Site "Pardubice CZE"]
[Date "2014.07.17"]
[Round "5.3"]
[White "Baryshpolets, Andrey"]
[Black "Nisipeanu, Liviu-Dieter"]
[Result "1/2-1/2"]
[WhiteTitle "GM"]
[BlackTitle "GM"]
[WhiteElo "2546"]
[BlackElo "2686"]
[WhiteFideId "14117207"]
[BlackFideId "1202758"]
[EventDate "2014.07.16"]

1. d4 Nf6 2. c4 e6 3. Nf3 d5 4. Nc3 Nbd7 5. Bg5 Bb4 6. cxd5 exd5 7. Qc2 c5 8. g3
h6 9. Be3 O-O 10. Bg2 Re8 11. O-O Rxe3 12. fxe3 Qe7 13. Qc1 Nb6 14. Ne5 Be6 15.
a3 Bxc3 16. bxc3 Rc8 17. a4 Nbd7 18. Nxd7 Bxd7 19. Qd2 Re8 20. Rxf6 Qxf6 21.
Bxd5 Qg5 22. dxc5 Bc6 23. Bxc6 bxc6 24. Rd1 Qxc5 25. Qd4 Qe7 26. Kf2 a5 27. Rd3
Qe6 28. Qf4 Qh3 29. Kg1 Qe6 30. Kf2 c5 31. g4 Qb3 32. Rd7 Rf8 33. Qe5 Qxa4 34.
Rc7 Qxg4 35. Rxc5 a4 36. Ra5 Rc8 37. Qf4 Qe6 38. Rxa4 Rxc3 39. Ra8+ Rc8 40.
Rxc8+ Qxc8 41. e4 Qh3 42. Qb8+ Kh7 43. Qf4 Kg6 44. Qd6+ f6 45. Qf4 Qe6 46. e3 h5
47. Qg3+ Qg4 48. Qf4 Qd7 49. Kg3 Qd1 50. Qf5+ Kh6 51. Qf4+ Kh7 52. h4 Qg1+ 53.
Kf3 Kg8 54. Qb8+ Kf7 55. Qc7+ Kg6 56. Qf4 Qf1+ 57. Kg3 Qg1+ 58. Kf3 Qf1+ 59. Kg3
Qe2 60. Qf5+ Kh6 61. Qf4+ Kh7 62. Qf5+ Kh6 63. Qf4+ Kh7 64. Qf5+ Kh6 65. Qf4+ 1/2-1/2

[Event "25th Czech Rapid G1 2014"]
[Site "Pardubice CZE"]
[Date "2014.07.17"]
[Round "5.4"]
[White "Klukin, Kirill"]
[Black "Megaranto, Susanto"]
[Result "0-1"]
[BlackTitle "GM"]
[WhiteElo "2067"]
[BlackElo "2532"]
[WhiteFideId "24199273"]
[BlackFideId "7101384"]
[EventDate "2014.07.16"]

1. d4 Nf6 2. Nf3 e6 3. c4 Bb4+ 4. Nbd2 b6 5. a3 Bxd2+ 6. Qxd2 Bb7 7. e3 a5 8. b3
d6 9. Bb2 Nbd7 10. Be2 O-O 11. O-O Ne4 12. Qc2 f5 13. d5 e5 14. Nd2 Nxd2 15.
Qxd2 Qe7 16. f3 f4 17. exf4 Rxf4 18. Rae1 Nc5 19. Bd1 Qf8 20. Qc3 Bc8 21. Bc1
Rf7 22. b4 axb4 23. axb4 Nd7 24. Bc2 Nf6 25. Bg5 Nh5 26. Be4 Bf5 27. c5 bxc5 28.
bxc5 Bxe4 29. fxe4 h6 30. Bc1 Ra2 31. Qh3 Nf4 32. Bxf4 Rxf4 33. Rxf4 Qxf4 34.
Qf3 dxc5 35. Qxf4 exf4 36. Rc1 Ra5 37. Kf2 Kf7 38. Kf3 g5 39. e5 Kg6 40. d6 cxd6
41. exd6 Kf6 42. Rd1 Ra8 43. d7 Rd8 44. Rd5 Ke6 45. Rxc5 Rxd7 46. h4 Rd3+ 47.
Kf2 g4 48. Rh5 Rd2+ 49. Kf1 g3 50. Rxh6+ Kf5 51. Rh8 Rd1+ 52. Ke2 Rg1 53. Rf8+
Kg4 54. Rg8+ Kxh4 55. Rh8+ Kg4 56. Rg8+ Kf5 57. Rf8+ Ke4 58. Re8+ Kd5 59. Rd8+
Ke6 60. Kf3 Rf1+ 61. Ke4 f3 62. Rd2 f2 0-1

[Event "25th Czech Rapid G1 2014"]
[Site "Pardubice CZE"]
[Date "2014.07.17"]
[Round "5.5"]
[White "Muhammad, Luthfi Ali"]
[Black "Cvek, Robert"]
[Result "1-0"]
[WhiteTitle "FM"]
[BlackTitle "GM"]
[WhiteElo "2336"]
[BlackElo "2516"]
[WhiteFideId "7103743"]
[BlackFideId "307424"]
[EventDate "2014.07.16"]

1. e4 c5 2. Nf3 e6 3. d4 cxd4 4. Nxd4 Nc6 5. Nc3 Qc7 6. Be3 Nf6 7. f4 Bb4 8. Nb5
Qa5 9. e5 Nd5 10. Bd2 Nxc3 11. Bxc3 Bxc3+ 12. Nxc3 Qb6 13. Qd2 Qxb2 14. Rb1 Qa3
15. Bd3 O-O 16. O-O b6 17. Ne4 Bb7 18. Qf2 Ne7 19. Rb3 Qa5 20. Nd6 Qd5 21. Nxb7
Qxb7 22. Bxh7+ Kxh7 23. Qh4+ Kg8 24. Rh3 f6 25. Qh7+ Kf7 26. exf6 Kxf6 27. Rg3
Nf5 28. Rg6+ Ke7 29. g4 Rh8 30. Rxg7+ Nxg7 31. Qxg7+ Kd8 32. Qxh8+ Kc7 33. Qe5+
Kc6 34. Rf3 Qb8 35. Rc3+ Kb7 36. Qe4+ d5 37. Qxe6 a5 38. Qxd5+ Ka7 39. Qd7+ Ka6
40. Qd3+ Ka7 41. Qd7+ Ka6 42. Rc7 1-0

[Event "25th Czech Rapid G1 2014"]
[Site "Pardubice CZE"]
[Date "2014.07.17"]
[Round "5.6"]
[White "Oparin, Grigoriy"]
[Black "Teske, Henrik"]
[Result "1/2-1/2"]
[WhiteTitle "GM"]
[BlackTitle "GM"]
[WhiteElo "2550"]
[BlackElo "2512"]
[WhiteFideId "24125890"]
[BlackFideId "4611500"]
[EventDate "2014.07.16"]

1. e4 e6 2. d4 d5 3. Nc3 Nf6 4. e5 Nfd7 5. f4 c5 6. Nf3 Nc6 7. Be3 Be7 8. a3 O-O
9. dxc5 Nxc5 10. Bd3 b6 11. b4 Nxd3+ 12. Qxd3 Bb7 13. O-O Rc8 14. Ne2 Qc7 15. c3
f6 16. Ned4 fxe5 17. Nxe6 Qd6 18. Nxf8 e4 19. Qb1 exf3 20. b5 fxg2 21. Rf2 Rxf8
22. bxc6 Bxc6 23. Qd3 d4 24. Qxd4 Qxd4 25. cxd4 Bd5 26. a4 Bd6 27. Bd2 Kf7 28.
Re1 Rc8 29. Rc1 Re8 30. Re1 Rd8 31. f5 Kf6 32. Rb1 Rc8 33. Rc1 Rd8 34. Rb1 Rc8
35. Rc1 Re8 36. Re1 1/2-1/2

[Event "25th Czech Rapid G1 2014"]
[Site "Pardubice CZE"]
[Date "2014.07.17"]
[Round "5.7"]
[White "Pavlidis, Antonios"]
[Black "Gorbatov, Alexej"]
[Result "1-0"]
[WhiteTitle "IM"]
[BlackTitle "IM"]
[WhiteElo "2479"]
[BlackElo "2358"]
[WhiteFideId "4212312"]
[BlackFideId "4111834"]
[EventDate "2014.07.16"]

1. e4 c6 2. d4 d5 3. e5 Qb6 4. c4 Bf5 5. Nc3 e6 6. h4 h6 7. g4 Bh7 8. Nge2 dxc4
9. Nf4 Na6 10. Bxc4 Nb4 11. Bb3 Ne7 12. a3 Nbd5 13. Ncxd5 Nxd5 14. Nxd5 exd5 15.
h5 Be7 16. Be3 O-O 17. O-O f5 18. gxf5 Bxf5 19. Kh2 Be4 20. Rg1 Bg5 21. Rg3 Bxe3
22. fxe3 Rf2+ 23. Kg1 Raf8 24. Qg4 R8f7 25. e6 Re7 26. Kxf2 Qxb3 27. Kg1 Bd3 28.
Qh4 Kf8 29. Qf4+ Kg8 30. Qf6 Qxb2 31. Qxe7 Qxa1+ 32. Kh2 1-0

[Event "25th Czech Rapid G1 2014"]
[Site "Pardubice CZE"]
[Date "2014.07.17"]
[Round "5.8"]
[White "Freisler, Pavel"]
[Black "Mozharov, Mikhail"]
[Result "0-1"]
[WhiteTitle "IM"]
[BlackTitle "GM"]
[WhiteElo "2301"]
[BlackElo "2540"]
[WhiteFideId "301477"]
[BlackFideId "4189825"]
[EventDate "2014.07.16"]

1. Nf3 d5 2. g3 Bg4 3. Bg2 Nc6 4. d4 Qd7 5. h3 Bxf3 6. Bxf3 O-O-O 7. Bg2 e5 8.
dxe5 Nxe5 9. Nc3 Nf6 10. Bg5 d4 11. Ne4 Bb4+ 12. Nd2 d3 13. O-O Qf5 14. cxd3
Qxg5 15. f4 Qxg3 16. fxe5 Bc5+ 17. Kh1 Ng4 18. Nf3 Ne3 0-1

[Event "25th Czech Rapid G1 2014"]
[Site "Pardubice CZE"]
[Date "2014.07.17"]
[Round "5.9"]
[White "Potapov, Pavel"]
[Black "Zpevak, Pavel"]
[Result "1-0"]
[WhiteTitle "IM"]
[BlackTitle "IM"]
[WhiteElo "2482"]
[BlackElo "2362"]
[WhiteFideId "4169786"]
[BlackFideId "300586"]
[EventDate "2014.07.16"]

1. e4 c5 2. c3 e6 3. d4 d5 4. e5 Nc6 5. Nf3 Qb6 6. a3 Nh6 7. b4 cxd4 8. cxd4 Nf5
9. Bb2 f6 10. Bd3 fxe5 11. dxe5 Be7 12. Bxf5 exf5 13. Qxd5 a5 14. b5 Na7 15. Nd4
Qc5 16. Nc3 Qxd5 17. Nxd5 Kf7 18. Rc1 Bd8 19. O-O Be6 20. Nf4 Bc8 21. e6+ 1-0

[Event "25th Czech Rapid G1 2014"]
[Site "Pardubice CZE"]
[Date "2014.07.17"]
[Round "5.10"]
[White "Sergeyev, Alexander"]
[Black "Vishnu Prasanna, V"]
[Result "0-1"]
[WhiteTitle "FM"]
[BlackTitle "GM"]
[WhiteElo "2389"]
[BlackElo "2459"]
[WhiteFideId "13702076"]
[BlackFideId "5030692"]
[EventDate "2014.07.16"]

1. d4 Nf6 2. Nf3 e6 3. c4 b6 4. e3 d5 5. Nc3 Bd6 6. Bd3 Bb7 7. cxd5 exd5 8. Nb5
Be7 9. Nh4 g6 10. Nf3 O-O 11. O-O a6 12. Nc3 Bd6 13. Ne5 c5 14. f4 Nc6 15. Kh1
b5 16. Ne2 Ne4 17. Ng3 Ne7 18. Bd2 f6 19. Ng4 Qd7 20. Bxe4 dxe4 21. dxc5 Bxc5
22. Bc3 Qxd1 23. Raxd1 Nd5 24. Nxe4 Nxc3 25. Nxc3 h5 26. Rd7 Bc6 27. Rc7 hxg4
28. Rxc6 Bxe3 29. f5 g5 30. Nd5 Bd4 31. Rd1 Rae8 32. b3 Re2 33. g3 Be5 34. Rxa6
Rf7 35. Ra8+ Kg7 36. Ra5 Rb7 37. Nb4 Bc3 38. a3 Rbe7 39. Rxb5 Re1+ 40. Rxe1
Rxe1+ 41. Kg2 Bd4 42. Rb7+ Kh6 43. h4 Re2+ 44. Kh1 gxh4 45. gxh4 g3 0-1